LEADER 00945nam0-22003491i-450- 001 990000419110403321 005 20090220121412.0 010 $a88-7150-016-4 035 $a000041911 035 $aFED01000041911 035 $a(Aleph)000041911FED01 035 $a000041911 100 $a20020821d1989----km-y0itay50------ba 101 0 $aita 102 $aIT 105 $ay-------001yy 200 1 $aIgiene e tecnica ospedaliera$fC. Bonazzi, A. Caimi, M. Pontello 210 $aMilano$cSorbona$d1989 215 $a139 p.$d24 cm 610 0 $aIgiene ospedaliera 676 $a610.28 676 $a613 700 1$aBonazzi,$bChiara$0338997 701 1$aCaimi,$bAdalberto$0431503 701 1$aPontello,$bMirella Maria$0431504 801 0$aIT$bUNINA$gRICA$2UNIMARC 901 $aBK 912 $a990000419110403321 952 $a08 H 70$b486$fDINED 959 $aDINED 996 $aIgiene e tecnica ospedaliera$9326867 997 $aUNINA LEADER 01043nam--2200361---450 001 990003204340203316 005 20220909092844.0 010 $a9788871807232 035 $a000320434 035 $aUSA01000320434 035 $a(ALEPH)000320434USA01 035 $a000320434 100 $a20090311d2008----km-y0itay50------ba 101 $aita 102 $aIT 105 $a||||||||001yy 200 1 $aChi sono i nemici della scienza?$eriflessioni su un disastro educativo e culturale e documenti di malascienza$fGiorgio Israel 210 $aTorino$cLindau$d2008 215 $a343 p.$d21 cm 225 2 $a<> draghi 410 0$12001$a<> draghi 454 1$12001 461 1$1001-------$12001 606 0 $aCultura scientifica$xDiffusione 676 $a507.045 700 1$aISRAEL,$bGiorgio$021854 801 0$aIT$bsalbc$gISBD 912 $a990003204340203316 951 $aXVII A.A. 3244$b8784 DLAS$cXVII A.A.$d550327 959 $aBK 969 $aCAS 996 $aChi sono i nemici della scienza$9720677 997 $aUNISA